Study on rubber seed oil and its minor componenet ( unsaponifiable matter) [ in Thailand] (Record no. 47646)

MARC details
000 -LEADER
fixed length control field 00395nam a2200133Ia 4500
100 ## - MAIN ENTRY--AUTHOR NAME
Personal name Kato aTanaka A
245 #0 - TITLE STATEMENT
Title Study on rubber seed oil and its minor componenet ( unsaponifiable matter) [ in Thailand]
650 ## - SUBJECT ADDED ENTRY--TOPICAL TERM
Topical Term Rubber seed oil
650 ## - SUBJECT ADDED ENTRY--TOPICAL TERM
Topical Term Thailand
650 ## - SUBJECT ADDED ENTRY--TOPICAL TERM
Topical Term Unsaponifiable matter
700 ## - ADDED ENTRY--PERSONAL NAME
Personal name Wimonsi-Thewaphalin
942 ## - ADDED ENTRY ELEMENTS (KOHA)
Koha item type Bibliography RLSE
Holdings
Withdrawn status Lost status Damaged status Not for loan Home library Current library Date acquired Koha item type
      Bibliography RRII Library RRII Library 31/12/2021 Bibliography RLSE